French hotel design /

French hotel design /
Bibliographic Details
Corporate Authors: ICI Consultants, Faguo yi xi wen hua
Format: Book
Language:Chinese
English
Language Notes:Text in Chinese and English.
Published: Shenyang shi : Liaoning ke xue ji shu chu ban she, 2007.
Edition:Di 1 ban.
Subjects:

MARC

Tag First Indicator Second Indicator Subfields
LEADER 00000cam a2200000Ia 4500
001 in00002467484
005 20151110040830.0
008 080911s2007 cc ae 000 0 chi d
020 |a 9787538150292 
020 |a 7538150293 
035 |a (OCoLC)ocn251190167 
035 |a (OCoLC)251190167 
040 |a BTCTA  |c BTCTA  |d YDXCP  |d TXA  |d UtOrBLW 
041 1 |a chi  |a eng  |h chi 
043 |a e-fr--- 
049 |a TXAM 
090 |a NK2195.H6  |b F74 2007 
245 0 0 |6 880-01  |a French hotel design /  |c ICI Consultants ; direction, Chia-Ling Chien = Faguo jiu dian she ji / Faguo yi xi wen hua bian yi ; zong qi hua, Chien Chia-Ling. 
246 3 1 |6 880-02  |a Faguo jiu dian she ji 
250 |6 880-03  |a Di 1 ban. 
264 1 |6 880-04  |a Shenyang shi :  |b Liaoning ke xue ji shu chu ban she,  |c 2007. 
300 |a 355 pages :  |b color illustrations, plans ;  |c 33 cm. 
336 |a text  |b txt  |2 rdacontent 
337 |a unmediated  |b n  |2 rdamedia 
338 |a volume  |b nc  |2 rdacarrier 
546 |a Text in Chinese and English. 
650 0 |a Hotels  |x Decoration  |z France  |v Pictorial works. 
650 0 |a Hotels  |z France  |x Design and construction  |v Pictorial works. 
710 2 |a ICI Consultants. 
710 2 |6 880-05  |a Faguo yi xi wen hua. 
880 0 0 |6 245-01  |a French hotel design /  |c ICI Consultants ; direction, Chia-Ling Chien = 法国酒店设计 / 法国亦西文化编译 ; 总企划, 简嘉玲. 
880 3 1 |6 246-02  |a 法国酒店设计 
880 |6 250-03  |a 第1版. 
880 |6 264-04  |a 沈阳市 :  |b 辽宁科学技术出版社,  |c 2007. 
880 2 |6 710-05  |a 法国亦西文化. 
938 |a Baker and Taylor  |b BTCP  |n BK0007934075 
938 |a YBP Library Services  |b YANK  |n 2888630 
945 |a PromptCat  |b 581564 
946 |a stk 
947 |a A14837411336 
994 |a C0  |b TXA 
948 |a cataloged  |b h  |c 2009/1/16  |d c  |e zliu  |f 3:12:35 pm 
999 |a MARS 
999 f f |s a28493f7-c5f8-3943-861b-902cf8ba2542  |i e813577a-99ac-32e9-b56f-17d7cfb35911  |t 0 
952 f f |p ric  |a Texas A&M University  |b Rellis Campus  |c Joint Library Facility  |d Remote Storage  |t 0  |e NK2195.H6 F74 2007  |f Oversize  |h Library of Congress classification  |i unmediated -- volume  |m A14837411336 
998 f f |a NK2195.H6 F74 2007  |t 0  |l Remote Storage